000 00673nam a2200241Ia 4500
003 OSt
005 20220918221956.0
006 a|||||r|||| 00| 0
007 ta
008 220917b |||||||| |||| 00| 0 eng d
024 _a214,086
037 _cTextual
040 _aARTS
_cARTS
_beng
041 _2eng
_aeng
082 _aR6893,7x1,1, M3-;1
100 _aRedington James D.
_983296
245 0 _aVallabhacarya on the love games of Krsna
260 _aDelhi
_bMotilal Banarsidass
_c1983
300 _ax, 491 p
_ccm.
650 _aDVAITA PHILOSOPHY
942 _hR6893,7x1,1, M3-;1
_cTEXL
_2CC
999 _c274147
_d274147